000 00785nam a2200205Ii 4500
003 JO-AjNU
008 230605s9999||||xx |||||||||||||| ||und||
017 _a2010/25933
040 _aJO-AjNU
_bara
_erda
_cJO-AjNU
041 _aara
050 1 4 _aHG1616.M3.S23.2011
100 3 _aتأليف: صادق، صفيح /م.مشارك: يقور احمد,
_eauthor
_932113
245 0 0 _aالتسويق المصرفي وسلوك المستهلك
264 3 1 _aالاسكندرية: مؤسسة الثقافة الجامعية، 2010
300 _a190ص
_bيحتوي على ملاحق و ببلوغرافية من ص 165- 190ص
336 _atext
_btxt
_2rdacontent
337 _aunmediated
_bn
_2rdamedia
338 _avolume
_bnc
_2rdacarrier
650 4 _aالبنوك -التسويق
_932114
999 _aA12927
_c16495
_d16495